000 00328nam a2200133Ia 4500
008 191201s2003 xx 000 0 und d
082 _a638.254
_bVES
100 _aVENKATA, Narasaiah P
245 0 _aSericulthre in India
260 _aN.Delhi
_bAshish Publisher
_c2003
300 _a214
650 _aB.Tech(TE)
942 _2ddc
_cBK
999 _c2345
_d2345